000 00545nam a22001817a 4500
999 _c12844
_d12844
008 250930b 2023 ||||| |||| 00| 0 eng d
020 _a9781914993060
082 _a623.89
_bWIT
110 _aWitherby Publishing Group Ltd.
245 _aNAVBasics : watchkeeping and electronic navigation - vol. 3
250 _a3rd ed.
260 _aUnited Kingdom
_bWitherby Publishing Group Ltd.
_c2023
300 _a292pgs.
650 _aNavigation and watchkeeping
650 _aElectronic Navigation
650 _aRadar Navigation
942 _cBK